Sborník přednášek : X.celostátní setkání elektrotechniku české republiky
Salvato in:
| Natura: | Libro |
|---|---|
| Lingua: | ceco |
| Pubblicazione: |
Etm,
2004
|
| Soggetti: | |
| Tags: |
Nessun Tag, puoi essere il primo ad aggiungerne!!
|
MARC
| LEADER | 00000nam a22000003a 4500 | ||
|---|---|---|---|
| 001 | stu93751 | ||
| 005 | 20150408174852.1 | ||
| 008 | 050429s2004----xr------------------cze-d | ||
| 040 | |a STU |b slo | ||
| 041 | 0 | |a cze | |
| 044 | |a xr | ||
| 080 | |a 621.3 |7 stu_us_auth*stu8325 | ||
| 245 | |a Sborník přednášek : |b X.celostátní setkání elektrotechniku české republiky | ||
| 260 | |b Etm, |c 2004 | ||
| 650 | 7 | |a elektrotechnika |2 stusub | |
| 996 | |b 284J027390 |c J*104287 |l JJK4 |s P |a 0 |w stu93751_0001 | ||